Normal view
MARC view
- Ed, Kuldeep chaudhary
Entry Personal Name
001 - CONTROL NUMBER
- control field: 5463
003 - CONTROL NUMBER IDENTIFIER
- control field: OSt
005 - DATE AND TIME OF LATEST TRANSACTION
- control field: 20230510150911.0
008 - FIXED-LENGTH DATA ELEMENTS
- fixed length control field: 230510|| aca||aabn | a|a d
040 ## - CATALOGING SOURCE
- Original cataloging agency: OSt
- Transcribing agency: OSt
100 ## - HEADING--PERSONAL NAME
- Personal name: Ed, Kuldeep chaudhary
670 ## - SOURCE DATA FOUND
- Source citation: Work cat.: (OSt)17696: Gate 2023 Mathematics, 2023
